000 00296nam a22001337a 4500
008 171016b xxu||||| |||| 00| 0 eng d
020 _a9780321305039
041 _aeng
080 _a33
100 _a52
101 _aEKO
245 _aMODERN LABOR ECONOMICS
_cEHRENBERG,. R.G
942 _2udc
_cBK
999 _c34158
_d34158